Návrh inteligentného systému pre analýzu a detekciu dopravných nehôd

Na minha lista:
Detalhes bibliográficos
Autor principal: Križan, Rudolf (Author)
Outros Autores: Šoltés, Lukáš (Thesis advisor)
Formato: Manuscrito Livro
Idioma:eslovaco
Publicado em: 2024
Assuntos:
Acesso em linha:http://is.stuba.sk/zp/portal_zp.pl?podrobnosti=177241
Tags: Adicionar Tag
Sem tags, seja o primeiro a adicionar uma tag!

MARC

LEADER 00000ntm a22000003a 4500
001 stuzp100224
003 SK-STU
005 20240608213736.4
007 ta
008 150427s2015----xo-----f-mn---000-0-slo-d
040 |a STU  |b slo 
041 0 |a slo 
100 1 |a Križan, Rudolf  |u 070400  |4 aut  |U FIIT Fakulta informatiky a informačných technológií  |T FIIT Ústav počítačového inžinierstva a aplikovanej informatiky  |X 96928  |U I400  |Y 672  |7 96928 
242 0 1 |a Design of an intelligent system for traffic accident detection and analysis  |y eng 
245 1 0 |a Návrh inteligentného systému pre analýzu a detekciu dopravných nehôd 
260 |c 2024 
650 4 |a inteligentné hodinky  |2 slo 
650 4 |a flutter  |2 slo 
650 4 |a umelá inteligencia  |2 slo 
650 4 |a quart  |2 slo 
650 4 |a dopravná nehoda  |2 slo 
650 4 |a inteligentný systém  |2 slo 
650 4 |a Car accident  |2 eng 
650 4 |a Artificial intelligence  |2 eng 
650 4 |a Intelligent system  |2 eng 
650 4 |a Flutter  |2 eng 
650 4 |a Quart  |2 eng 
700 1 |a Šoltés, Lukáš  |u 070400  |k Z1  |4 ths  |U FIIT Fakulta informatiky a informačných technológií  |T FIIT Ústav počítačového inžinierstva a aplikovanej informatiky  |X 41382  |U I400  |Y 672  |7 A000041382 
856 4 |u http://is.stuba.sk/zp/portal_zp.pl?podrobnosti=177241